000 00234nam a22000857a 4500
008 160914b xxu||||| |||| 00| 0 eng d
100 _9417
_aMalhotra. R.S ettal
245 _aMental Mathematics
260 _aNew Delhi
_bFrank Publications
_c2011
999 _c3074
_d3074